000 00507nam a22001697a 4500
003 OSt
005 20260115061708.0
008 260115b |||||||| |||| 00| 0 eng d
020 _a1-582796459.
040 _aDWCL-Main lib
_cOC
082 _22005 edition
_aGR. 616.143 Ov96 2005
245 _aOvercoming varicose veins
260 _aUSA :
_bTrident Reference Publishing,
_cc2005.
300 _a63 pages :
_bcolored illustration ;
_c27 cm.
650 _21. Varicose veins.
942 _2ddc
_cGR
_e2005 ed.
_kGR.
_n0
999 _c7437
_d7437